000 00221 a2200097 4500
001 37788
100 _aHannam K
245 _aWorlds of design realms of power
260 _aG B
_bEdward Arnold
_c
090 _c23981
_d23981
942 _aNUST-CAE
_cM
_c15537
999 _c272861
_d272861